Detalles MARC
| 000 -LIDER |
| fixed length control field |
01283cam a22003253a 4500 |
| 001 - NÚMERO DE CONTROL |
| Identificador de número de control |
0000679 |
| 003 - IDENTIFICACDOR DE NÚMERO DE CONTROL |
| control field |
DO-SdBNP |
| 005 - DATE AND TIME OF LATEST TRANSACTION |
| control field |
20230515114749.0 |
| 007 - CAMPOS FIJOS DE DESCRIPCIÓN FÍSICA |
| fixed length control field |
0000679 |
| 008 - ELEMENTOS DE LONGITUD FIJA |
| fixed length control field |
861112 2006 mx c 000 0 spa d |
| 010 ## - NUMERO DE CONTROL DE BIBLIOTECA DEL CONGRESO |
| LC control number |
|
| 020 ## - ISBN |
| International Standard Book Number |
9789587042443 |
| 040 ## - FUENTE DE CATALOGACIÓN |
| Agencia que crea de manera original el registro |
BPMSU |
| Agencia que realiza la transcripción |
spa |
| Agencia que realiza la modificación |
BPMSU |
| -- |
|
| 082 #4 - NÚMERO DE CLASIFICACIÓN DECIMAL DE DEWEY |
| Classification number |
305.23 |
| Item number |
B462m 2006 |
| Edition number |
22 |
| 100 1# - ASIENTO PRINCIPAL -- NOMBRE PERSONAL |
| Nombre personal |
Benedetti, Mario |
| Fechas asociadas con el nombre |
1920-2009 |
| 9 (RLIN) |
42 |
| 245 10 - MENCIÓN DE TITULO |
| Título |
Memoria y esperanza |
| Subtítulo |
un mensaje a los jóvenes / |
| Mención de responsabilidad |
Mario Benedetti ; fotografías Larry Towell...[et al]. |
| 250 ## - MENCIÓN DE EDICION |
| Mención de edición |
8a. reimpr. de agosto 2009. |
| 260 ## - PUBLICACIÓN, DISTRIBUCIÓN, ETC. (PIE DE IMPRENTA) |
| Lugar de publicación, distribución, etc |
México : |
| Nombre del editor, distribuidor, etc. |
Alfaguara, |
| Fecha de publicación, distribución, etc |
2006. |
| Nombre del editor, distribuidor, etc. |
|
| 300 ## - DESCRIPCIÓN FÍSICA |
| Extensión |
89, [2] p. : |
| Otros detalles físicos |
il. fots. ; |
| Dimensiones |
24 cm. |
| 500 ## - NOTA GENERAL |
| Nota general |
Incluye datos biográficos del autor en la solapa de la cubierta |
| 505 0# - NOTA DE CONTENIDO |
| Texto normalizado de contenido |
Un mundo de paciencia y asco. Con los jóvenes. La razón de la inocencia. La infancia falseada. American way of death. La hipocresía. Canción basura. Sexo y amor. La juventud perdurable. El continente joven. El secreto de la salvación. |
| 590 ## - NOTA LOCAL |
| Texto de la nota local |
Inventariado, 2023/VM |
| 600 00 - ENCABEZAMIENTO DE MATERIA--NOMBRE PERSONAL |
| Nombre personal |
|
| Subdivisión temática general |
|
| 650 #4 - ENCABEZAMIENTO DE MATERIA--TEMÁTICO |
| Término temático o nombre geográfico como elemento de entrada |
Juventud |
| Subdivisión temática general |
Aspectos sociales. |
| 650 #4 - ENCABEZAMIENTO DE MATERIA--TEMÁTICO |
| Término temático o nombre geográfico como elemento de entrada |
Juventud |
| Subdivisión de forma |
Poesías |
| 650 #4 - ENCABEZAMIENTO DE MATERIA--TEMÁTICO |
| Término temático o nombre geográfico como elemento de entrada |
Juventud |
| Subdivisión de forma |
Ensayos, conferencias, etc. |
| 700 1# - ASIENTO SECUNDARIO -- NOMBRE PERSONAL |
| Nombre personal |
Towell, Larry |
| Mención de responsabilidad |
fot. |
| 910 ## - VALIDACIÓN |
| Validación |
YLOCKWARD/ VMateo V. Control de calidad (BPMSU) |
| 942 ## - ADDED ENTRY ELEMENTS (KOHA) |
| Source of classification or shelving scheme |
Dewey Decimal Classification |
| Koha item type |
Libros |